Districts of Karnataka on a Map - Statistics

General Stats
  • This quiz has been taken 1,153 times
  • The average score is 20 of 31
Answers on the Map
Answers color-coded by a green-red scale on the quiz's map according to % correct below.
 
Answer Stats
Districts % Correct
Udupi
84%
Mysuru
82%
Bengaluru Rural
76%
Bengaluru Urban
76%
Bidar
76%
Mandya
75%
Hassan
74%
Dharwad
73%
Uttara Kannada
73%
Kolar
72%
Belagavi
71%
Kodagu
71%
Raichur
67%
Bijapur
66%
Dakshin Kannada
66%
Shivamogga
63%
Tumakuru
63%
Chamarajanagar
61%
Gadag
60%
Haveri
60%
Chitradurga
59%
Kalaburagi
59%
Ramanagara
59%
Ballari
58%
Davangere
57%
Bagalkot
56%
Chikkamagaluru
56%
Koppal
56%
Yadgir
54%
Vijayanagara
50%
Chikballapur
45%
No matching quizzes found
Score Distribution
Percent of People with Each Score
Percentile by Number Answered
Your Score History
You have not taken this quiz